LDR 01033naa#a2200205#i#450# 001 EN\\bibl\108890 005 20260514085258.4 011 ## _a2071-7318 100 ## _a20260508b2026####ek#y0engy0150####ca 102 ## _aRU 200 1# _aRESEARCH OF LOCAL RESISTANCE OF SLIDING DOORS IN VENTILATION AND ASPIRATION SYSTEMS _eJournal article 210 1# _aBelgorod _cBelgorod State Technological University named after V.G. Shukhov _d2026 215 ## _a8 с. 608 ## _aJournal article _2local 675 ## _aСтроительство. Строительные материалы. Строительно-монтажные работы. 69 _aОтопление, вентиляция и кондиционирование воздуха в зданиях и сооружениях. 697 _aРаспределение воздуха. Распределительные устройства.Воздуховоды. 697.922 _z 700 #1 _aTkach _gL. V. 700 #1 _aGoltsov _gA. B. 700 #1 _aMihaylov _gA. I. 700 #1 _aShalpegin _gD. S. 856 4# _anaukaru.ru _u